[Event "AUTO-INT-2259"]
[Site "http://www.queenalice.com/game.php?id=1033145"]
[Date "2012.2.26"]
[Round "1"]
[White "bernardoapr"]
[Black "ElvisCarvalho"]
[Result "1-0"]
[WhiteElo "1557"]
[BlackElo "1517"]

1. d4 d5 2. c4 dxc4 3. e4 b5 4. Nc3 c6 5. Nge2 Bg4 6. f3 Bh5 7. d5 Qa5 8. dxc6
Nxc6 9. Qd5 Rd8 10. Qxc6+ Rd7 11. Bd2 e6 12. O-O-O Bb4 13. a3 Ne7 14. Qxb5 Bxc3
15. Nxc3 Qc7 16. Bxc4 O-O 17. Qxh5 Qxc4 18. Qb5 Qxb5 19. Nxb5 Rc8+ 20. Bc3 Rxd1+
21. Rxd1 Kf8 22. Nc7 f5 23. Nxe6+ Kg8 24. Kb1 g6 25. Ng7 fxe4 26. Rd7 Rxc3 27.
bxc3 Kxg7 28. Rxe7+ Kh6 29. Rxe4 Kg5 30. c4 h5 31. c5 a5 32. c6 Kh6 33. c7 a4
34. c8=Q g5 35. Qc6+ Kg7 36. Re7+ Kf8 37. Qe8# 1-0

[Event "AUTO-INT-2259"]
[Site "http://www.queenalice.com/game.php?id=1033146"]
[Date "2012.2.26"]
[Round "1"]
[White "ElvisCarvalho"]
[Black "bernardoapr"]
[Result "0-1"]
[WhiteElo "1437"]
[BlackElo "1510"]

1. e4 e5 2. Qh5 Nf6 3. Qxe5+ Be7 4. Bc4 O-O 5. Nf3 Nc6 6. Qg5 Nxe4 7. Qg4 d5 8.
Bb3 Bxg4 9. d3 Bxf3 10. gxf3 Nc5 11. Rg1 f6 12. Bd2 Nd4 13. c3 Ncxb3 14. axb3
Nc2+ 15. Kd1 Nxa1 16. d4 Nxb3 17. Bf4 Bd6 18. Be3 Bxh2 19. Rh1 Qd6 20. Na3 a6
21. f4 Bxf4 22. Bxf4 Qxf4 23. Rf1 Nd2 24. Nc2 Nxf1 25. Ke1 Qd2+ 26. Kxf1 Qxc2
27. b4 Rae8 28. Kg2 Re4 29. Kg3 Qd3+ 30. f3 Rfe8 31. Kf2 Qe2+ 32. Kg3 Rh4 33.
Kxh4 Qxf3 34. b5 Re4# 0-1

[Event "AUTO-INT-2259"]
[Site "http://www.queenalice.com/game.php?id=1033147"]
[Date "2012.2.26"]
[Round "1"]
[White "bernardoapr"]
[Black "ffceccon"]
[Result "1-0"]
[WhiteElo "1602"]
[BlackElo "1803"]

1. d4 d5 2. c4 Bf5 3. Nc3 dxc4 4. e4 Bd7 5. Bxc4 e6 6. Nf3 Bb4 7. O-O Bxc3 8.
bxc3 Nf6 9. Ba3 Nxe4 10. Qd3 Nf6 11. Ne5 Nc6 12. Rab1 b6 13. d5 Nxe5 14. Qd4
Nxc4 15. Qxc4 Nxd5 16. Qd4 Qf6 17. Qc4 c5 18. Rbd1 a6 19. Rfe1 O-O 20. Qb3 Qg6
21. g3 f5 22. c4 Nf6 23. Qxb6 Rfb8 24. Qxc5 Rc8 25. Qb6 Bc6 26. Rxe6 Qh5 27.
Red6 Qf3 28. Rd8+ Rxd8 29. Rxd8+ Rxd8 30. Qxd8+ Ne8 31. Kf1 Qxa3 32. Qd2 Qc5 33.
Qe2 Nf6 34. Qe6+ Kh8 35. Qf7 Qd4 36. Qf8+ Ng8 37. Qb4 Qa1+ 38. Ke2 Qxa2+ 39. Ke3
Qa4 40. Qc3 Qa5 41. Qxa5 1-0

[Event "AUTO-INT-2259"]
[Site "http://www.queenalice.com/game.php?id=1033148"]
[Date "2012.2.26"]
[Round "1"]
[White "ffceccon"]
[Black "bernardoapr"]
[Result "1-0"]
[WhiteElo "1823"]
[BlackElo "1669"]

1. e4 e5 2. Bc4 Nh6 3. d3 Bc5 4. Nf3 d6 5. Be3 Bxe3 6. fxe3 O-O 7. O-O Ng4 8.
Qe2 Nc6 9. Ng5 Qxg5 10. Rf3 Qh6 11. h3 Nf6 12. Nc3 Be6 13. Nd5 Rac8 14. Nxf6+
gxf6 15. Raf1 Qh5 16. g4 Qh4 17. Rxf6 Qg3+ 18. Qg2 Qxe3+ 19. Kh1 Bxc4 20. dxc4
Kh8 21. g5 Rg8 22. h4 h6 23. Rxh6+ Kg7 24. Rhf6 Nd4 25. Rxf7+ Kh8 26. R1f6 Rg7
27. g6 Qe1+ 28. Kh2 Qxh4+ 29. Qh3 Nf3+ 30. Kg2 Ne1+ 31. Kh2 Qxh3+ 32. Kxh3 Rxf7
33. Rxf7 Kg8 34. Kh4 Rf8 35. Rxc7 Nf3+ 36. Kh5 Rb8 37. Kh6 Nd4 38. Rg7+ Kf8 39.
Kh7 Re8 40. Rg8+ Ke7 41. Rxe8+ Kxe8 42. g7 Ne6 43. g8=Q+ Ke7 44. Qb8 Nd8 45.
Qc7+ Ke8 46. Qxd6 Nf7 47. Qe6+ Kf8 48. Qd7 b6 49. Kg6 Nh8+ 50. Kf6 Kg8 51. Qg7#
1-0

[Event "AUTO-INT-2259"]
[Site "http://www.queenalice.com/game.php?id=1033149"]
[Date "2012.2.26"]
[Round "1"]
[White "bernardoapr"]
[Black "LEOKnopp"]
[Result "1-0"]
[WhiteElo "1644"]
[BlackElo "1620"]

1. d4 d5 2. c4 dxc4 3. e4 e5 4. d5 Nf6 5. Nc3 Bb4 6. Bxc4 Nxe4 7. Bd2 Bc5 8.
Nxe4 Bd4 9. Bg5 f6 10. Bh4 g5 11. Bg3 f5 12. Qh5+ Kd7 13. Qf7+ Qe7 14. Qxf5+ Ke8
15. Nf6+ Kd8 16. Qxg5 Qb4+ 17. Qd2 Qxc4 18. Ne2 Rf8 19. Nxh7 Rf7 20. Ng5 Qxd5
21. Nxf7+ Qxf7 22. Bxe5 Qxf2+ 23. Kd1 Bg4 24. Qxd4+ Ke7 25. Qxf2 Nc6 26. Qf6+
Ke8 27. Qg6+ Ke7 28. Qxg4 Nxe5 29. Qg5+ Ke6 30. Nf4+ Kd6 31. Qf6+ Kc5 32. Qxe5+
Kc6 33. Rc1+ Kd7 34. Qe6+ Kd8 35. Nd5 Rc8 36. Qe7# 1-0

[Event "AUTO-INT-2259"]
[Site "http://www.queenalice.com/game.php?id=1033150"]
[Date "2012.2.26"]
[Round "1"]
[White "LEOKnopp"]
[Black "bernardoapr"]
[Result "0-1"]
[WhiteElo "1642"]
[BlackElo "1404"]

1. e4 e5 2. Nf3 Nc6 3. d4 Nf6 4. dxe5 Nxe4 5. Qd5 f5 6. exf6 Nxf6 7. Bg5 Nb4 8.
Qd2 Be7 9. c3 Ne4 10. Qd4 Nc2+ 11. Kd1 Nxd4 12. cxd4 Nxf2+ 13. Kd2 Nxh1 14. Bf4
h6 15. Be5 d6 16. Bxg7 Bg5+ 17. Kd3 Rh7 18. Be5 dxe5 19. Nxe5 Nf2+ 20. Ke2 Qxd4
21. Nf3 Re7+ 22. Ne5 Qe3# 0-1

[Event "Old but gold"]
[Site "http://www.queenalice.com/game.php?id=1057818"]
[Date "2012.5.9"]
[Round "-"]
[White "bernardoapr"]
[Black "EricOlejaz"]
[Result "0-1"]
[WhiteElo "1804"]
[BlackElo "1104"]

1. d4 Nf6 2. c4 d5 3. e3 e6 4. Nf3 Be7 5. g3 b6 6. cxd5 exd5 7. Bg2 Ba6 8. Bd2
Ne4 9. Ne5 O-O 10. Qa4 Qe8 11. Nd7 Qxd7 12. Qxd7 Nxd7 13. Nc3 Nxd2 14. Kxd2 Bb7
15. Bxd5 Bxd5 16. Nxd5 Bd6 17. Rhc1 c5 18. dxc5 Nxc5 19. f3 Rfd8 20. b4 Be5 21.
e4 Bxa1 22. Rxa1 Na4 23. Kc2 f5 24. Ne7+ Kf7 25. Nxf5 Rac8+ 26. Kb3 b5 27. e5
Rc3# 0-1

[Event "AUTO-INT-2319"]
[Site "http://www.queenalice.com/game.php?id=1058707"]
[Date "2012.5.12"]
[Round "1"]
[White "Gonzales"]
[Black "bernardoapr"]
[Result "0-1"]
[WhiteElo "1375"]
[BlackElo "1740"]

1. e4 e5 2. Nf3 Nc6 3. Nc3 Nf6 4. d3 Bc5 5. Qe2 O-O 6. Bg5 d6 7. O-O-O Bg4 8. h3
Bxf3 9. gxf3 Qd7 10. Bxf6 gxf6 0-1

[Event "AUTO-INT-2319"]
[Site "http://www.queenalice.com/game.php?id=1058723"]
[Date "2012.5.12"]
[Round "1"]
[White "bernardoapr"]
[Black "donnybaby"]
[Result "1-0"]
[WhiteElo "1720"]
[BlackElo "1561"]

1. d4 e6 2. c4 Bb4+ 3. Bd2 Bxd2+ 4. Qxd2 g5 5. g3 a5 6. d5 e5 7. Nc3 h6 8. Nf3
d6 9. c5 Bg4 10. Bg2 Bxf3 11. Bxf3 dxc5 12. O-O f5 13. Bh5+ Kf8 14. Na4 b6 15.
Rad1 Nf6 16. Bg6 Qd7 17. b3 Rg8 18. Bxf5 1-0

[Event "AUTO-INT-2319"]
[Site "http://www.queenalice.com/game.php?id=1058724"]
[Date "2012.5.12"]
[Round "1"]
[White "donnybaby"]
[Black "bernardoapr"]
[Result "0-1"]
[WhiteElo "1561"]
[BlackElo "1700"]

1. e3 e5 2. c3 e4 3. d3 Nf6 4. dxe4 Nxe4 5. Bd3 f5 6. Bxe4 fxe4 7. Qh5+ g6 8.
Qe5+ Qe7 9. Qxh8 Nc6 10. c4 d6 11. Bd2 Be6 12. Qc3 O-O-O 13. Ne2 Bg7 14. Qc2 Rf8
15. a4 Be5 16. Ra2 d5 17. b3 Nb4 0-1

[Event "AUTO-INT-2319"]
[Site "http://www.queenalice.com/game.php?id=1058725"]
[Date "2012.5.12"]
[Round "1"]
[White "bernardoapr"]
[Black "coutovet"]
[Result "1-0"]
[WhiteElo "1789"]
[BlackElo "1675"]

1. d4 d5 2. c4 dxc4 3. e3 b5 4. Nc3 c6 5. Nf3 a6 6. g3 Bb7 7. Bg2 Nf6 8. Ne5 Nd5
9. Nxd5 cxd5 10. Qh5 g6 11. Qh3 Bg7 12. O-O O-O 13. Bd2 f6 14. Qe6+ Kh8 15. Nf7+
Rxf7 16. Qxf7 a5 17. Rac1 Ra7 18. b3 Ba8 19. bxc4 bxc4 20. e4 dxe4 21. Qxc4 f5
22. Qc8 Qg8 23. f3 Bxd4+ 24. Kh1 Na6 25. Bxa5 Kg7 26. Bc3 Bf6 27. Ba1 Bxa1 28.
Qxg8+ Kxg8 29. Rxa1 e5 30. fxe4 fxe4 31. Rab1 Kg7 32. Rb5 Nc7 33. Rxe5 Nd5 34.
Bxe4 Nc3 35. Bxa8 Rxa8 36. Re7+ Kh6 37. g4 Rxa2 38. h4 Nd5 39. Rd7 Ne3 40. Rff7
g5 41. Rf6# 1-0

[Event "AUTO-INT-2319"]
[Site "http://www.queenalice.com/game.php?id=1058726"]
[Date "2012.5.12"]
[Round "1"]
[White "coutovet"]
[Black "bernardoapr"]
[Result "0-1"]
[WhiteElo "1536"]
[BlackElo "1678"]

1. e4 e5 2. Nf3 Nc6 3. Bb5 Nge7 4. d4 d6 5. dxe5 Bg4 6. exd6 Bxf3 7. Qxf3 Qxd6
8. Bf4 Qb4+ 9. Nc3 O-O-O 10. b3 Nd4 11. Qg4+ f5 12. a3 Qxc3+ 0-1

[Event "AUTO-INT-2259"]
[Site "http://www.queenalice.com/game.php?id=1070470"]
[Date "2012.6.10"]
[Round "2"]
[White "bernardoapr"]
[Black "Mariojose"]
[Result "1-0"]
[WhiteElo "1804"]
[BlackElo "1518"]

1. d4 e6 2. Nf3 Nf6 3. e3 Nc6 4. Bd3 Nb4 5. c3 Nbd5 6. O-O Bd6 7. b4 a6 8. Ba3
O-O 9. Ne5 Re8 10. c4 Ne7 11. Nd2 Bxe5 12. dxe5 d5 13. exf6 gxf6 14. b5 axb5 15.
Bxe7 Qxe7 16. Qg4+ Kh8 17. Qh4 f5 18. Qh5 f6 19. cxd5 exd5 20. Bxb5 c6 21. Bd3
Be6 22. Nf3 Rg8 23. Nh4 Rg5 24. Qf3 Qd7 25. g4 Qg7 26. Nxf5 Rxg4+ 27. Kh1 Bxf5
28. Qxf5 Rg8 29. h3 Rg5 30. Qf3 b5 31. h4 Rg4 32. Qh3 Qh6 33. h5 R8g5 34. Be2
Rxh5 35. Bxg4 Rxh3+ 36. Bxh3 Qxh3+ 37. Kg1 h5 38. Rac1 h4 39. Rxc6 Qg4+ 40. Kh1
h3 41. Rg1 Qf3+ 42. Kh2 Qxf2+ 43. Kh1 h2 44. Rg2 Qf3 45. Kxh2 d4 46. Rc1 Qxe3
47. Rh1 d3 48. Rg3 1-0

[Event "AUTO-INT-2259"]
[Site "http://www.queenalice.com/game.php?id=1070471"]
[Date "2012.6.10"]
[Round "2"]
[White "Mariojose"]
[Black "bernardoapr"]
[Result "0-1"]
[WhiteElo "1668"]
[BlackElo "1773"]

1. e4 e5 2. Bc4 Nf6 3. Qf3 Nc6 4. d3 Nd4 5. Qd1 d6 6. Be3 d5 7. exd5 Nxd5 8. c3
Nxe3 9. fxe3 Nf5 10. e4 Ne3 11. Qa4+ Bd7 12. Qb3 Nxg2+ 13. Kf1 Bc5 14. Kxg2 Qg5+
15. Kf1 Qf4+ 0-1

[Event "Challenge"]
[Site "http://www.queenalice.com/game.php?id=1073620"]
[Date "2012.6.18"]
[Round "-"]
[White "Gabrielhess"]
[Black "bernardoapr"]
[Result "0-1"]
[WhiteElo "1137"]
[BlackElo "1804"]

1. e4 e5 2. Nf3 Nc6 3. d4 f6 4. d5 Na5 5. Bd2 c5 6. Be2 Bd6 7. O-O Ne7 8. c4 O-O
9. a3 b6 10. b4 Nb7 11. Nc3 cxb4 12. Nb5 Bc7 13. Bxb4 d6 14. Nd2 f5 15. f4 exf4
16. Rxf4 Ng6 17. Rf2 f4 18. Bh5 Ne5 0-1